50 most popular sports in the world - Statistics

General Stats
  • This quiz has been taken 336 times
  • The average score is 21 of 50
Answer Stats
Ranking Sport % Correct
1. Football / Soccer
99%
2. Basketball
93%
5. Baseball
90%
4. Cricket
89%
3. Tennis
89%
32. Rugby league
80%
18. Rugby union
80%
7. American football
79%
15. Swimming
78%
10. Ice hockey
75%
13. Volleyball
67%
11. Boxing
66%
9. Golf
66%
8. Athletics
65%
22. Table tennis
65%
27. Wrestling
58%
12. Badminton
56%
14. Cycling
51%
6. Formula 1
48%
25. Handball
46%
21. Field hockey
45%
24. Gymnastics
45%
37. Judo
45%
17. Mixed martial arts
41%
40. Archery
37%
29. Diving
36%
34. Shooting
34%
48. Taekwondo
34%
45. Fencing
31%
47. Rowing
26%
42. Sumo
26%
23. Horse racing
25%
20. Nascar
25%
41. Sailing
25%
36. Weightlifting
24%
26. Figure skating
23%
49. Surfing
23%
16. Snooker
22%
39. Australian football
21%
46. Equestrian
19%
44. Kickboxing
15%
19. Moto GP
15%
31. Rally
14%
38. Biathlon
11%
43. Wushu / Kung fu
11%
50. Ski jump
10%
30. Speed skating
10%
33. Indycar
8%
28. Downhill skiing
6%
35. Touring car racing
1%
No matching quizzes found
Score Distribution
Percent of People with Each Score
Percentile by Number Answered
Your Score History
You have not taken this quiz